Normal view
MARC view
Entry Topical Term
001 - CONTROL NUMBER
- control field: 9564
003 - CONTROL NUMBER IDENTIFIER
- control field: ARRUPE
005 - DATE AND TIME OF LATEST TRANSACTION
- control field: 20140327162801.0
008 - FIXED-LENGTH DATA ELEMENTS
- fixed length control field: 140327|| aca||aabn | a|a d
040 ## - CATALOGING SOURCE
- Original cataloging agency: ARRUPE
- Transcribing agency: ARRUPE
150 ## - HEADING--TOPICAL TERM
- Topical term or geographic name as entry element: Majuba Hill, Battle of, South Africa, 1881.
670 ## - SOURCE DATA FOUND
- Source citation: Work cat.: (ARRUPE)0: Ransford, Oliver, 1914- 9563, The Battle of Majuba Hill:, [1967]